MARC details
| 000 -LEADER |
| campo de control de longitud fija |
01999nam a2200433 i 4500 |
| 001 - NÚMERO DE CONTROL |
| campo de control |
193493 |
| 003 - IDENTIFICADOR DE NÚMERO DE CONTROL |
| campo de control |
SpMaBN |
| 005 - FECHA Y HORA DE LA ÚLTIMA TRANSACCIÓN |
| campo de control |
20250709183428.0 |
| 007 - CAMPO FIJO DE DESCRIPCIÓN FÍSICA--INFORMACIÓN GENERAL |
| campo de control de longitud fija |
ta |
| 008 - DATOS DE LONGITUD FIJA--INFORMACIÓN GENERAL |
| campo de control de longitud fija |
240102s2019 sp | |||| 000 0 spa |
| 015 ## - NÚMERO DE BIBLIOGRAFÍA NACIONAL |
| Número de bibliografía nacional |
MON19 |
| 017 ## - NÚMERO DE COPYRIGHT O DE DEPÓSITO LEGAL |
| Número de copyright o de depósito legal |
SA 122-2019 |
| Agencia que asigna |
Oficina Depósito Legal Cantabria |
| 020 ## - NÚMERO INTERNACIONAL ESTÁNDAR DEL LIBRO |
| Número Internacional Estándar del Libro |
9788494972027 |
| 035 ## - NÚMERO DE CONTROL DEL SISTEMA |
| Número de control de sistema |
a6618429 |
| 040 ## - FUENTE DE CATALOGACIÓN |
| Centro catalogador/agencia de origen |
SpMaBN |
| Lengua de catalogación |
spa |
| Centro/agencia transcriptor |
SpMaBN |
| Normas de descripción |
rda |
| Centro/agencia modificador |
ES-MaACL |
| 080 ## - NÚMERO DE LA CLASIFICACIÓN DECIMAL UNIVERSAL |
| Número de la Clasificación Decimal Universal |
821.134.3 Pessoa, Fernando 1.07 |
| 080 ## - NÚMERO DE LA CLASIFICACIÓN DECIMAL UNIVERSAL |
| Número de la Clasificación Decimal Universal |
821.134.3 Pessoa, Fernando 7 Livro do desassossego.07 |
| 100 0# - ENTRADA PRINCIPAL--NOMBRE DE PERSONA |
| Nombre de persona |
Morales Barba, Rafael, |
| Fechas asociadas al nombre |
1958- |
| 9 (RLIN) |
83016 |
| Término indicativo de función/relación |
Autor |
| 245 10 - MENCIÓN DEL TÍTULO |
| Título |
Fernando Pessoa : |
| Resto del título |
el misántropo desdeñoso o El libro del desasosiego / |
| Mención de responsabilidad, etc. |
Rafael Morales Barba |
| 250 ## - MENCION DE EDICION |
| Mención de edición |
Primera edición: febrero de 2019 |
| 264 #1 - PRODUCCIÓN, PUBLICACIÓN, DISTRIBUCIÓN, FABRICACIÓN Y COPYRIGHT |
| Producción, publicación, distribución, fabricación y copyright |
Boo de Piélagos, Cantabria : |
| Nombre del de productor, editor, distribuidor, fabricante |
Libros del Aire, |
| Fecha de producción, publicación, distribución, fabricación o copyright |
[2019] |
| 300 ## - DESCRIPCIÓN FÍSICA |
| Extensión |
380 páginas ; |
| Dimensiones |
22 cm |
| 336 ## - TIPO DE CONTENIDO |
| Término de tipo de contenido |
Texto |
| Fuente |
rdacontent |
| 337 ## - TIPO DE MEDIO |
| Nombre/término del tipo de medio |
sin mediación |
| Fuente |
rdamedia |
| 338 ## - TIPO DE SOPORTE |
| Nombre/término del tipo de soporte |
volumen |
| Fuente |
rdacarrier |
| 490 1# - MENCIÓN DE SERIE |
| Mención de serie |
Ensayo ; |
| Designación de volumen o secuencia |
7 |
| 504 ## - NOTA DE BIBLIOGRAFÍA, ETC. |
| Nota de bibliografía, etc. |
Bibliografía: páginas 365-380 |
| 520 ## - RESUMEN, ETC. |
| Sumario, etc. |
En su ambigüedad o provocación, juego vanguardista o modernista, de defensa de los excluidos, la compleja personalidad de Pessoa, contradictorio en ocasiones y a la vez valiente y decidido, tiene muchas caras talladas. |
| 600 #0 - PUNTO DE ACCESO ADICIONAL DE MATERIA--NOMBRE DE PERSONA |
| Nombre de persona |
Pessoa, Fernando, |
| Fechas asociadas al nombre |
1888-1935 |
| Subdivisión general |
Crítica e interpretación |
| 9 (RLIN) |
234797 |
| 600 #0 - PUNTO DE ACCESO ADICIONAL DE MATERIA--NOMBRE DE PERSONA |
| Nombre de persona |
Pessoa, Fernando, |
| Fechas asociadas al nombre |
1888-1935. |
| Título de la obra |
Livro do desassossego |
| 9 (RLIN) |
234798 |
| 830 ## - PUNTO DE ACCESO ADICIONAL DE SERIE-TÍTULO UNIFORME |
| Título uniforme |
Ensayo (Libros del Aire) ; |
| Designación de volumen o secuencia |
7 |
| 9 (RLIN) |
234799 |
| 852 ## - LOCALIZACIÓN |
| Ubicación |
ES-MaACL |
| Sublocalización o colección |
R.154824 |
| Ubicación en estantería |
Depósito J |
| itemnumber |
200972 |
| Número de control de estantería |
N-9679 |
| Donativo/Legado |
Donación: Rafael Morales Barba |
| Anotaciones manuscritas |
Dedicatoria autógrafa del autor |
| Encuadernación |
Encuadernación rústica con solapas |
| 903 ## - NOMBRE PERSONAL DE DONANTE |
| 9 |
83016 |
| a |
Morales Barba, Rafael, |
| d |
1958- |
| e |
Donante |
| 942 ## - ELEMENTOS DE ENTRADA SECUNDARIOS (KOHA) |
| Suprimir en OPAC |
No |
| Tipo de ítem Koha |
Libro impreso |